000
00215nam a22000857a 4500
008
170104b xxu||||| |||| 00| 0 eng d
100
_9
2263
_a
Gupta.S
245
_a
Building Bridges Volues-6
260
_a
New Delhi
_b
GRB
_c
2012
999
_c
5150
_d
5150